[Event "Passau op 7th"]
[Site "Passau"]
[Date "1999.04.05"]
[Round "7"]
[White "Hirsch, Tilo"]
[Black "Morgen, Ronny"]
[Result "1/2-1/2"]
[WhiteElo "1644"]
[BlackElo "1681"]
[PlyCount "58"]
[EventDate "1999.04.02"]
[EventType "swiss"]
[EventRounds "7"]
[EventCountry "GER"]
[SourceTitle "EXT 2000"]
[Source "ChessBase"]
[SourceDate "1999.11.16"]
[SourceVersion "1"]
[SourceVersionDate "1999.11.16"]
[SourceQuality "1"]

1. e4 e6 2. d4 d5 3. Nc3 Bb4 4. a3 Bxc3+ 5. bxc3 dxe4 6. f3 exf3 7. Nxf3 c5 8. Bb5+ Bd7 9. Rb1 Qc7 10. 0-0 a6 11. Bd3 Nc6 12. Ng5 Nf6 13. Bf4 Qc8 14. Be5 cxd4 15. cxd4 Nxe5 16. dxe5 Qc5+ 17. Rf2 Qxe5 18. Qd2 Bc6 19. Re1 Qc5 20. Qf4 0-0 21. Re5 Qe7 22. Qh4 h6 23. Nh7 Nd5 24. Qh5 f6 25. Nxf8 fxe5 26. Qg6 Nf6 27. Nh7 Nd7 28. Ng5 Nf6 29. Nh7 Nd7 1/2-1/2

[Event "Passau op 7th"]
[Site "Passau"]
[Date "1999.04.04"]
[Round "6"]
[White "Morgen, Ronny"]
[Black "Schiessl, Siegfried"]
[Result "1/2-1/2"]
[WhiteElo "1681"]
[BlackElo "1899"]
[PlyCount "46"]
[EventDate "1999.04.02"]
[EventType "swiss"]
[EventRounds "7"]
[EventCountry "GER"]
[SourceTitle "EXT 2000"]
[Source "ChessBase"]
[SourceDate "1999.11.16"]
[SourceVersion "1"]
[SourceVersionDate "1999.11.16"]
[SourceQuality "1"]

1. e4 e5 2. Nf3 Nc6 3. Bc4 Nf6 4. d4 exd4 5. 0-0 d5 6. exd5 Nxd5 7. Nxd4 Nxd4 8. Qxd4 Be6 9. Re1 c6 10. Nc3 Nc7 11. Qxd8+ Rxd8 12. Bf4 Bd6 13. Bxd6 Rxd6 14. Ne4 Rd4 15. Bxe6 Nxe6 16. c3 Rd5 17. Rad1 0-0 18. c4 Rxd1 19. Rxd1 Rd8 20. Rxd8+ Nxd8 21. f3 f5 22. Nd6 g6 23. Kf2 Kf8 1/2-1/2

[Event "Passau op 7th"]
[Site "Passau"]
[Date "1999.04.02"]
[Round "2"]
[White "Morgen, Ronny"]
[Black "Lautner, Juergen"]
[Result "1/2-1/2"]
[WhiteElo "1681"]
[BlackElo "1948"]
[PlyCount "30"]
[EventDate "1999.04.02"]
[EventType "swiss"]
[EventRounds "7"]
[EventCountry "GER"]
[SourceTitle "EXT 2000"]
[Source "ChessBase"]
[SourceDate "1999.11.16"]
[SourceVersion "1"]
[SourceVersionDate "1999.11.16"]
[SourceQuality "1"]

1. e4 c5 2. Nc3 Nc6 3. d3 g6 4. g3 Bg7 5. Bg2 d6 6. Be3 Rb8 7. f4 e6 8. Nf3 Nd4 9. 0-0 Ne7 10. Rb1 0-0 11. Ne2 Nxe2+ 12. Qxe2 b6 13. c3 Bb7 14. Rbd1 Qc7 15. g4 f5 1/2-1/2